000 00412nam a2200157Ia 4500
008 240729s9999 xx 000 0 und d
022 _a1472-6963
245 0 _aBMC Health Services Research
260 _aUnited Kingdom
260 _bBMC
650 _a Public aspects of medicine
650 _aMedicine
856 _uhttps://doaj.org/toc/37069cfa1f0642e6a4772dde5b1b199e
942 _2ddc
942 _cDOAJEJ
999 _c74470
_d74470
945 _a1
_bMadushi Gamage
_c1
_dMadushi Gamage